| 000 | 00672nam a2200181Ia 4500 | ||
|---|---|---|---|
| 008 | 090124s9999 xx 000 0 und d | ||
| 082 | _b23335 | ||
| 100 | _aवाळिंबे रा.शं. | ||
| 245 | _a राजकारणी संत समर्थ रामदास | ||
| 250 | _a1 | ||
| 260 |
_bनीहारा प्रकाशन _c1985 |
||
| 300 | _a288 | ||
| 600 | _aवाळिंबे रा.शं. | ||
| 630 | _a राजकारणी संत समर्थ रामदास | ||
| 700 | _aवाळिंबे रा.शं. | ||
| 730 | _a राजकारणी संत समर्थ रामदास | ||
| 942 | _cBOOK | ||
| 999 |
_c92235 _d92235 |
||